| 000 | 00964cam a22002295a 4500 | ||
|---|---|---|---|
| 001 | L141701 | ||
| 008 | 071213s1813 xxk eng u | ||
| 035 | _a(Sirsi) u141701 | ||
| 041 | 0 | _aeng | |
| 100 | 1 | _aMurrell, William | |
| 245 | 0 | 1 | _a[Minutes of a meeting of the auctioneers of London and Westminster, held at the Auction Mart, Bartholomew Lane on Tuesday 27 July 1813, to consider the grievances of auctioneers] |
| 260 |
_a[London] _bs.n. _c1813 + _e5 sheets (25 x 20 cm.) |
||
| 300 |
_a2 p. _c23 cm. |
||
| 340 | _aPrinted and manuscript | ||
| 351 | _cSingle item | ||
| 500 | _aItem has been annotated with amendments to the text in brown ink. | ||
| 500 | _aItem presented to the Auctioneer's Institute of the United Kingdom by Messrs. Scobell and Lake on 15 May 1907. | ||
| 500 | _aItem is accompanied by letters from the donor and the Auctioneers' Institute. | ||
| 651 | 4 | _aLondon | |
| 690 | _aPROPERTY-AUCTIONEERING-AUCTIONEERS | ||
| 942 | _n0 | ||
| 999 |
_c116763 _d116763 |
||